000 01234cam a22003254a 4500
001 73907
005 20230404130038.0
008 070215s20082006cu a b 001 0 spa d
035 _a14835341
010 _a2007402873
020 _a9789591106247
035 _a(UyMoLRL)lr32939
040 _aDLC
_cDLC
_dDLC
043 _anwcu---
050 1 4 _a107 F 1789
_bP437e 2008
100 1 _aPerera Díaz, Aisnara,
_d1967-
245 1 0 _aEsclavitud, familia y parroquia en Cuba :
_botra mirada desde la microhistoria /
_cAisnara Perera Díaz, María de los A. Meriño Fuentes; prol. Iraci del Nero da Costa.
260 _aSantiago de Cuba :
_bInstituto Cubano del Libro / Editorial Oriente,
_c2008 c2006.
300 _a274 p. :
_bill. ;
_c21 cm.
500 _aPremio de la Crítica 2006 (port.)
504 _aIncludes bibliographical references (p. 259-274) and index
650 0 _aBlacks
_zCuba
_xSocial conditions.
650 0 _aFamilies, Black
_zCuba
_xSocial conditions.
650 0 _aSlaves
_xFamily relationships
_zCuba
_xHistory.
650 0 _aFamilies
_zCuba
_xHistory.
700 1 _aMeriño Fuentes, María de los Ángeles,
_d1966-
700 1 _aNero da Costa, Iraci del
923 _d20070430
_n19564
_sUyMoLRL
942 _2lcc
_cbk
999 _c9833
_d9833